[Event "Women's World Rapid Championship 2012"]
[Site "Batumi GEO"]
[Date "2012.05.31"]
[Round "1.1"]
[White "Zhukova, Natalia"]
[Black "Muzychuk, Anna"]
[Result "1/2-1/2"]
[WhiteTitle "GM"]
[BlackTitle "GM"]
[WhiteElo "2442"]
[BlackElo "2598"]
[WhiteFideId "14101513"]
[BlackFideId "14111330"]
[EventDate "2012.05.31"]

1. d4 f5 2. c4 Nf6 3. Nc3 d6 4. Bg5 Nbd7 5. Qc2 g6 6. h4 h6 7. Bxf6 Nxf6 8.
O-O-O c6 9. Nh3 Qa5 10. Nf4 Rg8 11. h5 g5 12. Ng6 Ne4 13. Nxe4 fxe4 14. Qxe4
Qxa2 15. e3 Qa1+ 16. Kc2 Qa4+ 17. Kc1 Qa1+ 18. Kc2 Qa4+ 19. Kc1 Qa1+ 1/2-1/2

[Event "Women's World Rapid Championship 2012"]
[Site "Batumi GEO"]
[Date "2012.05.31"]
[Round "1.2"]
[White "Koneru, Humpy"]
[Black "Batsiashvili, Nino"]
[Result "1-0"]
[WhiteTitle "GM"]
[BlackTitle "WGM"]
[WhiteElo "2589"]
[BlackElo "2436"]
[WhiteFideId "5008123"]
[BlackFideId "13602993"]
[EventDate "2012.05.31"]

1. d4 f5 2. Nf3 Nf6 3. g3 g6 4. b3 Bg7 5. Bb2 O-O 6. Bg2 d6 7. O-O c6 8. c4 Qc7
9. Nbd2 Re8 10. c5 Na6 11. Qc2 Nb4 12. Qc4+ Nbd5 13. a3 h6 14. Qc2 Be6 15. Nh4
Bf7 16. e4 fxe4 17. Nxe4 Kh7 18. Rae1 Qd7 19. h3 Rac8 20. f4 Nc7 21. g4 Nb5 22.
a4 Nxe4 23. Bxe4 Nxd4 24. Bxg6+ Kh8 25. Qd3 dxc5 26. Bxf7 Nf3+ 27. Rxf3 1-0

[Event "Women's World Rapid Championship 2012"]
[Site "Batumi GEO"]
[Date "2012.05.31"]
[Round "1.3"]
[White "Tan, Zhongyi"]
[Black "Zhao, Xue"]
[Result "0-1"]
[WhiteTitle "WGM"]
[BlackTitle "GM"]
[WhiteElo "2430"]
[BlackElo "2549"]
[WhiteFideId "8603642"]
[BlackFideId "8601283"]
[EventDate "2012.05.31"]

1. Nf3 Nf6 2. c4 e6 3. Nc3 Bb4 4. Qc2 c5 5. a3 Ba5 6. e3 O-O 7. d4 d6 8. Bd3 Nc6
9. O-O Re8 10. dxc5 dxc5 11. Ne4 Nxe4 12. Bxe4 f5 13. Bxc6 bxc6 14. Rd1 Qf6 15.
Bd2 Bc7 16. b4 e5 17. Bc3 Qf7 18. Qb2 e4 19. Ng5 Qg6 20. Nh3 f4 21. Nxf4 Bxf4
22. exf4 Bh3 23. g3 Qg4 24. f3 Qxf3 25. Be5 e3 26. Re1 Rxe5 27. Rf1 Bxf1 28.
Rxf1 e2 29. Rxf3 e1=Q+ 30. Rf1 Qe3+ 31. Kh1 Qe2 0-1

[Event "Women's World Rapid Championship 2012"]
[Site "Batumi GEO"]
[Date "2012.05.31"]
[Round "1.4"]
[White "Dzagnidze, Nana"]
[Black "Arakhamia-Grant, Ketevan"]
[Result "1-0"]
[WhiteTitle "GM"]
[BlackTitle "GM"]
[WhiteElo "2547"]
[BlackElo "2426"]
[WhiteFideId "13601903"]
[BlackFideId "13600168"]
[EventDate "2012.05.31"]

1. Nf3 Nf6 2. d4 g6 3. Nbd2 d5 4. e3 Bg7 5. b4 c6 6. Bb2 Qb6 7. Bc3 O-O 8. Be2
Nbd7 9. O-O Qc7 10. a4 Ne4 11. Nxe4 dxe4 12. Nd2 Nf6 13. Bb2 h5 14. h3 Bf5 15.
c4 Rad8 16. Qc2 h4 17. Rfd1 Qc8 18. Nf1 Nh7 19. Rac1 Ng5 20. Nh2 Be6 21. d5 Bf5
22. Bxg7 Kxg7 23. Qb2+ f6 24. Rd4 Nf7 25. f3 e5 26. Rd2 c5 27. fxe4 Bxe4 28. Ng4
Nd6 29. a5 Bf5 30. Nf2 Qc7 31. Bf3 e4 32. Bg4 Rde8 33. Bxf5 gxf5 34. Nd1 b6 35.
axb6 axb6 36. Rf2 Rh8 37. Rf4 Rh5 38. b5 Nf7 39. Qe2 Reh8 40. Nc3 Nd6 41. Ra1
Qe7 42. Ra6 Qe5 43. Rxb6 Rg5 44. Nd1 Ra8 45. Ra6 Rxa6 46. bxa6 Qa1 47. Rxh4 Qxa6
48. Nb2 Qa1+ 49. Kh2 f4 50. Rxf4 Nf5 51. Rxf5 Rxf5 52. d6 Qa7 53. Qd2 Qd7 54.
Na4 Re5 55. Nb6 Qd8 56. d7 Re6 57. Nc8 Rc6 58. Qd5 Rc7 59. Nb6 Ra7 60. Qxe4 Qb8+
61. Kg1 Ra1+ 62. Kf2 Ra2+ 63. Kf3 Kf7 64. Nc8 Qb2 65. Nd6+ Kg7 66. Qg4+ Kh7 67.
Qh5+ Kg7 68. Nf5+ 1-0

[Event "Women's World Rapid Championship 2012"]
[Site "Batumi GEO"]
[Date "2012.05.31"]
[Round "1.5"]
[White "Kovalevskaya, Ekaterina"]
[Black "Lahno, Kateryna"]
[Result "1/2-1/2"]
[WhiteTitle "IM"]
[BlackTitle "GM"]
[WhiteElo "2417"]
[BlackElo "2546"]
[WhiteFideId "4116704"]
[BlackFideId "14109336"]
[EventDate "2012.05.31"]

1. Nf3 Nf6 2. g3 g6 3. Bg2 Bg7 4. O-O O-O 5. d4 d6 6. Re1 Nbd7 7. e4 e5 8. Nc3
c6 9. a4 Qc7 10. h3 b6 11. Be3 Bb7 12. Qd2 Rfe8 13. Bh6 Rad8 14. Bxg7 Kxg7 15.
Rad1 a6 16. Nh2 b5 17. axb5 cxb5 18. Nd5 Bxd5 19. exd5 exd4 20. Nf3 Nxd5 21.
Nxd4 N5f6 22. Nc6 Rxe1+ 23. Rxe1 Re8 24. Rd1 Ne5 25. Nd4 h6 26. b3 d5 27. Ra1
Qb6 28. Ne2 Nc6 29. Nf4 Rd8 30. Rd1 Qc5 31. Nd3 Qd4 32. Nf4 Qxd2 33. Rxd2 Ne5
34. Nxd5 a5 35. Re2 Nxd5 36. Rxe5 Nc3 37. Rc5 Rd1+ 38. Kh2 b4 39. Rxa5 Rd2 40.
Ra7 Rxf2 41. Rb7 Nd1 42. Kg1 Rxc2 43. Bd5 Kf6 44. Rxb4 Ne3 45. Be4 Rb2 46. Rb5
Nd1 47. Bf3 Nc3 48. Rb7 Ke6 49. b4 f5 50. Rb6+ Kf7 51. Rb7+ Kf6 52. Rb6+ Kf7 53.
Rb7+ Kf6 54. Rb6+ Ke5 1/2-1/2

[Event "Women's World Rapid Championship 2012"]
[Site "Batumi GEO"]
[Date "2012.05.31"]
[Round "1.6"]
[White "Kosintseva, Tatiana"]
[Black "Huang, Qian"]
[Result "0-1"]
[WhiteTitle "GM"]
[BlackTitle "WGM"]
[WhiteElo "2532"]
[BlackElo "2417"]
[WhiteFideId "4133471"]
[BlackFideId "8602689"]
[EventDate "2012.05.31"]

1. e4 g6 2. d4 Bg7 3. Nc3 c6 4. f4 d5 5. e5 h5 6. Nf3 Nh6 7. Be3 Bg4 8. h3 Bxf3
9. Qxf3 h4 10. Bd3 e6 11. O-O Bf8 12. Ne2 Be7 13. b3 a5 14. c4 Kf8 15. Bf2 Kg7
16. Kh2 Na6 17. c5 Nc7 18. Ng1 Nf5 19. Qe2 Ne8 20. Nf3 Kf8 21. Rfb1 Neg7 22. a3
Nh5 23. Qd2 Nhg3 24. Qe1 b5 25. cxb6 Qxb6 26. Qc3 Kg7 27. Bxf5 Nxf5 28. Ne1 Rhc8
29. Nd3 Qa6 30. Rc1 Rab8 31. a4 Bb4 32. Qc2 Be7 33. Rab1 Qb6 34. Qc3 Qa6 35. Qc2
Qb6 36. Nc5 Bxc5 37. Qxc5 Qa6 38. Qc2 Rb4 39. Qc3 Qe2 40. Qe1 Qa6 41. Qd2 Rcb8
42. Rc3 Qb6 43. Rbc1 Rxb3 44. Rxc6 Qb4 45. Qxb4 R3xb4 46. Ra6 Rxa4 47. Be1 Rxd4
48. Bxa5 Ra4 49. Ra7 Rb5 50. Bb6 Rxa7 51. Bxa7 Rb4 52. Rf1 Ng3 53. Rf3 Rb1 54.
Bg1 Rf1 55. Rxf1 Nxf1+ 56. Kh1 Ng3+ 57. Kh2 Ne2 58. Be3 d4 59. Bd2 Ng3 60. Kg1
Ne4 61. Bb4 d3 62. Kf1 g5 63. fxg5 Kg6 64. Be7 Nc3 65. Ke1 Nd5 66. Bd8 Nf4 67.
Kd2 Nxg2 68. Kxd3 Nf4+ 69. Ke4 Nxh3 70. Kf3 Kf5 71. g6 fxg6 72. Bxh4 Ng5+ 73.
Ke3 Nf7 74. Kd4 Nxe5 75. Bg3 Nf7 76. Ke3 e5 77. Be1 Nh6 78. Bd2 Ng4+ 79. Kf3 Nf6
80. Be3 g5 81. Bc1 g4+ 82. Kg3 Ne4+ 83. Kh4 Nc3 84. Be3 Ne2 85. Bd2 Nf4 86. Kg3
Nh5+ 87. Kh4 Nf6 88. Bc3 Ke4 89. Kg3 Kf5 90. Kh4 Kf4 91. Bb2 Nd7 92. Bc3 g3 93.
Kh3 Kf3 94. Be1 g2 95. Kh2 Nc5 96. Kg1 Nb3 97. Bc3 Nd4 0-1

[Event "Women's World Rapid Championship 2012"]
[Site "Batumi GEO"]
[Date "2012.05.31"]
[Round "1.7"]
[White "Khukhashvili, Sopiko"]
[Black "Gunina, Valentina"]
[Result "0-1"]
[WhiteTitle "IM"]
[BlackTitle "IM"]
[WhiteElo "2414"]
[BlackElo "2530"]
[WhiteFideId "13602055"]
[BlackFideId "4167570"]
[EventDate "2012.05.31"]

1. e4 c6 2. Ne2 d5 3. e5 c5 4. d4 Nc6 5. c3 Bf5 6. dxc5 Nxe5 7. Nd4 Bd7 8. Qh5
Nc6 9. Qxd5 Nf6 10. Qb3 e5 11. Nxc6 Bxc6 12. Qc4 Be7 13. Bg5 O-O 14. Nd2 b5 15.
cxb6 Qxb6 16. Qb3 Qc7 17. Bc4 Ng4 18. Bxe7 Qxe7 19. Be2 Qh4 20. Bxg4 Qxg4 21.
Qc4 Qxg2 22. O-O-O Bd5 23. Qh4 Bxa2 24. b3 a5 25. Qa4 Rfc8 26. c4 Bxb3 27. Nxb3
Qxf2 28. Rhf1 Qe3+ 29. Nd2 Rab8 30. Rf3 Qd4 31. Rb3 e4 32. Re1 f5 33. Ree3 Rd8
34. Qa2 Rxb3 35. Rxb3 Qg1+ 36. Kc2 Rxd2+ 0-1

[Event "Women's World Rapid Championship 2012"]
[Site "Batumi GEO"]
[Date "2012.05.31"]
[Round "1.9"]
[White "Cori T., Deysi"]
[Black "Harika, Dronavalli"]
[Result "1/2-1/2"]
[WhiteTitle "WGM"]
[BlackTitle "GM"]
[WhiteElo "2386"]
[BlackElo "2508"]
[WhiteFideId "3801934"]
[BlackFideId "5015197"]
[EventDate "2012.05.31"]

1. d4 Nf6 2. Nf3 g6 3. c4 Bg7 4. Nc3 O-O 5. g3 d5 6. cxd5 Nxd5 7. Bg2 Nb6 8. O-O
Nc6 9. e3 Re8 10. Re1 a5 11. Qe2 Be6 12. Nd2 Nb4 13. Be4 c6 14. a3 N4d5 15. Bg2
a4 16. Nce4 Bf5 17. Nc5 e5 18. e4 exd4 19. Qf1 Qd6 20. Nd3 Ne3 21. fxe3 dxe3 22.
exf5 Red8 23. Ne4 Qxd3 24. Qxd3 Rxd3 25. Nc5 Rdd8 26. Nxb7 Re8 27. fxg6 hxg6 28.
Bxc6 Re7 29. Re2 Rc8 30. Bf3 Nc4 31. Kg2 Bd4 32. Rb1 Rb8 33. Bd5 Nb6 34. Bf3 Nc4
35. Bd5 Nb6 36. Bf3 Nc4 37. Bd5 Nb6 38. Na5 Nxd5 39. Nc6 Rbb7 40. Nxd4 Nc3 41.
bxc3 Rxb1 42. Bxe3 Ra1 43. Nb5 Rb1 44. c4 Rb3 45. Kf2 Re4 46. Bd4 Rxe2+ 47. Kxe2
f5 48. Be5 Kf7 49. h4 Ke7 50. Bf4 Kd7 51. Kd2 Ke7 52. Kc2 Kd7 53. Bd6 Rf3 54.
Be5 Rb3 55. Bf4 Ke7 56. Nc3 Kd7 57. Bc1 Kc6 58. Bb2 Kc5 59. Nxa4+ Kxc4 60. Nc3
Rb8 61. Bc1 Rc8 62. Bd2 Rd8 63. Nd1 Ra8 64. a4 Kd4 65. a5 Rc8+ 66. Nc3 Kc4 67.
Be1 Rc6 68. Bd2 Kb4 69. Kd3 Kxa5 70. Ke2 Kb4 71. Kf3 Kc4 72. Ne2 Kd3 73. Bg5 Kc4
74. Be3 Kd5 75. Kf4 Re6 76. Kf3 Rc6 77. Nf4+ Ke5 78. Nd3+ Ke6 79. Kf4 Rc4+ 80.
Kf3 Rc6 81. Bd4 Ke7 82. Ne5 Ra6 83. Kf4 Ra4 84. Kg5 Ke6 85. Nf3 Ra3 86. Kf4 Ra4
87. Ke3 Ra3+ 88. Kf4 Ra4 89. Kg5 Ra3 90. Kf4 Ra4 91. g4 fxg4 92. Kxg4 Kd5 93.
Kg5 Ke4 94. Kxg6 Kxf3 95. Bf6 Rg4+ 96. Bg5 Rxh4 1/2-1/2

[Event "Women's World Rapid Championship 2012"]
[Site "Batumi GEO"]
[Date "2012.05.31"]
[Round "1.11"]
[White "Wang, Jue"]
[Black "Khotenashvili, Bela"]
[Result "1-0"]
[BlackTitle "IM"]
[WhiteElo "2364"]
[BlackElo "2500"]
[WhiteFideId "8604070"]
[BlackFideId "13602640"]
[EventDate "2012.05.31"]

1. e4 c6 2. Ne2 d5 3. e5 d4 4. b4 a5 5. Bb2 d3 6. Nf4 dxc2 7. Qxc2 e6 8. b5 Ne7
9. Nc3 Ng6 10. Nxg6 hxg6 11. Rc1 Bd7 12. a4 Bb4 13. Ne4 cxb5 14. axb5 a4 15.
Nd6+ Kf8 16. Nxb7 Qb6 17. Nd6 a3 18. Ba1 Bxd6 19. exd6 Qxd6 20. Qe4 Qd5 21. Qxd5
exd5 22. Bd3 Rh4 23. Ke2 a2 24. Rc5 Be6 25. b6 Rb4 26. Rb5 Rxb5 27. Bxb5 Ra5 28.
Bd3 Nd7 29. Bc3 Ra8 30. b7 Ra7 31. Ra1 d4 32. Bb4+ Kg8 33. Be4 Ra6 34. Bc5 f5
35. Bd3 Ra5 36. Bd6 Bd5 37. b8=Q+ Nxb8 38. Bxb8 Kf7 39. f3 Ke6 40. g3 Bb3 41. f4
Kd5 42. Be5 Ra7 43. h4 Rb7 44. Kf3 Ra7 45. g4 Ra3 46. Kg2 Bc4 47. Bxc4+ Kxc4 48.
gxf5 gxf5 49. Bxg7 Ra7 50. Be5 Ra4 51. h5 Kb3 52. h6 Kb2 53. h7 Kxa1 54. h8=Q
Kb2 55. Bxd4+ 1-0

[Event "Women's World Rapid Championship 2012"]
[Site "Batumi GEO"]
[Date "2012.05.31"]
[Round "1.14"]
[White "Danielian, Elina"]
[Black "Ding, Yixin"]
[Result "1-0"]
[WhiteTitle "GM"]
[BlackTitle "WGM"]
[WhiteElo "2484"]
[BlackElo "2353"]
[WhiteFideId "13300210"]
[BlackFideId "8602972"]
[EventDate "2012.05.31"]

1. d4 Nf6 2. Nf3 g6 3. c4 Bg7 4. g3 O-O 5. Bg2 d5 6. cxd5 Nxd5 7. O-O c5 8. e4
Nf6 9. e5 Nd5 10. dxc5 Na6 11. a3 Nxc5 12. b4 Ne6 13. Qb3 Nb6 14. Bb2 Bd7 15.
Nc3 Bc6 16. Rfd1 Qb8 17. a4 Rc8 18. a5 Nc4 19. Nd5 Bxd5 20. Rxd5 Nxb2 21. Qxb2
Rd8 22. Rad1 Qc7 23. Bh3 Nf8 24. Qd4 Rxd5 25. Qxd5 e6 26. Qd4 h6 27. Bg2 g5 28.
h4 gxh4 29. Nxh4 Bxe5 30. Qg4+ Bg7 31. a6 Rb8 32. axb7 Nd7 33. Qe4 Nb6 34. Qc6
Qe7 35. b5 Bf6 36. Rd3 Nd5 37. Bxd5 exd5 38. Re3 Qd8 39. Nf5 d4 40. Rd3 Bg7 41.
Qe4 Qb6 42. Qg4 Qf6 43. Rxd4 Qg5 44. Qxg5 hxg5 45. Rd7 Bf6 46. f4 gxf4 47. gxf4
Bd8 1-0

[Event "Women's World Rapid Championship 2012"]
[Site "Batumi GEO"]
[Date "2012.05.31"]
[Round "1.15"]
[White "Arabidze, Meri"]
[Black "Socko, Monika"]
[Result "1/2-1/2"]
[WhiteTitle "WIM"]
[BlackTitle "GM"]
[WhiteElo "2351"]
[BlackElo "2484"]
[WhiteFideId "13604040"]
[BlackFideId "1106619"]
[EventDate "2012.05.31"]

1. d4 Nf6 2. c4 g6 3. Nc3 Bg7 4. e4 d6 5. Nf3 O-O 6. Be2 e5 7. O-O Nc6 8. Be3
Ng4 9. Bg5 f6 10. Bc1 Kh8 11. h3 exd4 12. Nxd4 Nxd4 13. Qxd4 f5 14. Qd1 Ne5 15.
f4 Nc6 16. Bd3 fxe4 17. Bxe4 Bf5 18. Bxf5 Rxf5 19. Be3 Rf7 20. Qd2 Qh4 21. Nd5
Raf8 22. Rae1 b6 23. b4 Qd8 24. b5 Ne7 25. Nxe7 Rxe7 26. Bd4 Rxe1 27. Rxe1 Qd7
28. Qc3 Bxd4+ 29. Qxd4+ Kg8 30. Qd5+ Kg7 31. Qd4+ Kg8 32. Qd5+ Kg7 33. Qd4+ Kg8
34. Qd5+ 1/2-1/2

[Event "Women's World Rapid Championship 2012"]
[Site "Batumi GEO"]
[Date "2012.05.31"]
[Round "1.16"]
[White "Cramling, Pia"]
[Black "Purtseladze, Maka"]
[Result "1-0"]
[WhiteTitle "GM"]
[BlackTitle "IM"]
[WhiteElo "2478"]
[BlackElo "2348"]
[WhiteFideId "1700030"]
[BlackFideId "13602659"]
[EventDate "2012.05.31"]

1. d4 Nf6 2. Nf3 e6 3. e3 c5 4. Bd3 d5 5. b3 Nc6 6. O-O Bd6 7. Bb2 cxd4 8. exd4
O-O 9. a3 Ne4 10. Nbd2 f5 11. Re1 Bd7 12. Nf1 Be8 13. Ng3 g5 14. Bf1 g4 15. Ne5
Nxe5 16. dxe5 Bc5 17. Bd4 Qb6 18. Bxc5 Qxc5 19. Nxe4 fxe4 20. Qxg4+ Kh8 21. Qg3
Qxc2 22. Rac1 Qd2 23. Rc7 Bg6 24. Rec1 d4 25. R1c2 Qf4 26. Qxf4 Rxf4 27. g3 Rf3
28. Rc8+ Rxc8 29. Rxc8+ Kg7 30. Rd8 Rxb3 31. Rxd4 Rxa3 32. Rd7+ Kf8 33. Rxb7 Ra1
34. Kg2 e3 35. Rb8+ Kg7 36. fxe3 Be4+ 37. Kf2 Ra2+ 38. Kg1 a5 39. Bc4 Rg2+ 40.
Kf1 Rxh2 41. Bxe6 a4 42. Rb4 Bc2 43. Rb7+ Kg6 44. Ra7 Bb3 45. Bd7 Rd2 46. e6 Kf6
47. e7 Bf7 48. e8=Q Bxe8 49. Bxe8 Rd3 50. Ke2 1-0

[Event "Women's World Rapid Championship 2012"]
[Site "Batumi GEO"]
[Date "2012.05.31"]
[Round "1.20"]
[White "Muzychuk, Mariya"]
[Black "Gurieli, Nino"]
[Result "1-0"]
[WhiteTitle "IM"]
[BlackTitle "IM"]
[WhiteElo "2456"]
[BlackElo "2329"]
[WhiteFideId "14114550"]
[BlackFideId "13600222"]
[EventDate "2012.05.31"]

1. e4 d6 2. d4 Nf6 3. Nc3 g6 4. Bg5 Bg7 5. Qd2 Nc6 6. d5 Ne5 7. f4 Ned7 8. O-O-O
h6 9. Bh4 O-O 10. Nf3 c6 11. dxc6 bxc6 12. e5 Nd5 13. Nd4 Nxc3 14. Qxc3 dxe5 15.
Nxc6 Qb6 16. Nxe7+ Kh7 17. Nd5 Qb7 18. fxe5 Bxe5 19. Qb3 Nb6 20. Nxb6 axb6 21.
Bc4 b5 22. Bd5 Qa7 23. Bxa8 Qxa8 24. Be7 Be6 25. Qa3 Bxa2 26. b3 Qxa3+ 27. Bxa3
Ra8 28. Bb4 Bf4+ 29. Kb2 Be5+ 30. c3 1-0

[Event "Women's World Rapid Championship 2012"]
[Site "Batumi GEO"]
[Date "2012.05.31"]
[Round "1.22"]
[White "Javakhishvili, Lela"]
[Black "Klinova, Masha"]
[Result "1-0"]
[WhiteTitle "IM"]
[BlackTitle "IM"]
[WhiteElo "2449"]
[BlackElo "2318"]
[WhiteFideId "13601458"]
[BlackFideId "2802015"]
[EventDate "2012.05.31"]

1. d4 d6 2. Nf3 Nf6 3. c4 g6 4. g3 Bg7 5. Bg2 O-O 6. O-O c6 7. b3 Bf5 8. Bb2 d5
9. Nbd2 Ne4 10. Nh4 Nxd2 11. Qxd2 Be6 12. Rac1 Nd7 13. e4 dxe4 14. Bxe4 Nf6 15.
Bg2 Qd7 16. Rfe1 Rad8 17. Qa5 a6 18. Nf3 Qc8 19. Ng5 Bf5 20. Rxe7 h6 21. Nf3
Rfe8 22. Ree1 Be4 23. Qd2 Qf5 24. Nh4 Qg5 25. Rcd1 Bxg2 26. Qxg5 hxg5 27. Nxg2
g4 28. Rxe8+ Nxe8 29. Ne3 f5 30. Ba1 Nc7 31. h3 gxh3 32. Kh2 Kf7 33. Kxh3 Ne6
34. d5 cxd5 35. Bxg7 Kxg7 36. cxd5 Ng5+ 37. Kg2 Ne4 38. Rc1 Rd7 39. f3 Nf6 40.
Rd1 Kf7 41. Kf2 b5 42. Rd4 Ke7 43. Rh4 Rd6 44. Rh6 Kf7 45. a3 Nxd5 46. Nxf5 Rc6
47. Nd4 Rc3 48. Rh7+ Kg8 49. Ra7 Rd3 50. Nc6 Rxb3 51. Rxa6 Rb2+ 52. Kg1 Rb3 53.
Ne5 g5 54. Kg2 Ne7 55. Ra7 Kf8 56. Kh3 Re3 57. Nd7+ Kf7 58. Kg4 Ke6 59. Nc5+ Kf6
60. Ne4+ Ke6 61. Nxg5+ Kf6 62. Ne4+ Ke6 63. Ra5 Ng6 64. Ra6+ Kf7 65. Nd6+ Kf8
66. Ra8+ 1-0

[Event "Women's World Rapid Championship 2012"]
[Site "Batumi GEO"]
[Date "2012.05.31"]
[Round "1.23"]
[White "Janjghava, Natia"]
[Black "Mkrtchian, Lilit"]
[Result "0-1"]
[WhiteTitle "WIM"]
[BlackTitle "IM"]
[WhiteElo "2306"]
[BlackElo "2449"]
[WhiteFideId "13600389"]
[BlackFideId "13300601"]
[EventDate "2012.05.31"]

1. d4 Nf6 2. Nf3 e6 3. c4 b6 4. g3 Ba6 5. b3 b5 6. cxb5 Bxb5 7. Bg2 d5 8. O-O
Nbd7 9. a4 Ba6 10. Bd2 Rb8 11. Nc3 c5 12. Na2 cxd4 13. Nxd4 Qb6 14. Be3 Ng4 15.
Bg5 Bc5 16. a5 Qb7 17. b4 Bxd4 18. Qxd4 Ngf6 19. Rfe1 O-O 20. Be3 Ra8 21. Qd2
Bc4 22. Rab1 Ne4 23. Bxe4 dxe4 24. Nc3 f5 25. Qd4 Rfc8 26. Red1 Nf6 27. Na4 Bxe2
28. Rdc1 Bf3 29. Nc5 Qf7 30. Qe5 Re8 31. h4 Ng4 32. Qc3 Nf6 33. b5 Nd5 34. Qb3
f4 35. Bd4 e3 36. Kh2 Be2 37. Ne4 fxg3+ 38. fxg3 Qf3 39. Qc2 Nf4 40. Rg1 Bd3 41.
Ng5 Bxc2 42. Nxf3 Ne2 43. Rb2 Nxg1 44. Nxg1 Bd3 45. Bxe3 Rec8 46. Nf3 Rc2+ 47.
Rxc2 Bxc2 48. Nd4 Bd3 49. Nxe6 Re8 50. b6 axb6 51. axb6 Ba6 52. Nc5 Rxe3 53.
Nxa6 Rb3 54. Nc5 Rxb6 55. Nd3 g6 56. Nf4 Kg7 57. g4 h6 58. Kg3 Ra6 59. Kf3 Kf6
60. Kg3 Ra3+ 61. Kf2 g5 62. Nd5+ Ke5 63. Ne3 Kf4 64. Ke1 Ke5 0-1

[Event "Women's World Rapid Championship 2012"]
[Site "Batumi GEO"]
[Date "2012.05.31"]
[Round "1.24"]
[White "Pogonina, Natalija"]
[Black "Umudova, Nargiz"]
[Result "1-0"]
[WhiteTitle "WGM"]
[BlackTitle "WIM"]
[WhiteElo "2447"]
[BlackElo "2231"]
[WhiteFideId "4147855"]
[BlackFideId "13402137"]
[EventDate "2012.05.31"]

1. e4 c5 2. Nf3 Nc6 3. d4 cxd4 4. Nxd4 Nf6 5. Nc3 e5 6. Ndb5 d6 7. Bg5 a6 8. Na3
b5 9. Nd5 Be7 10. Bxf6 Bxf6 11. c4 b4 12. Nc2 Rb8 13. Be2 Bg5 14. O-O O-O 15.
Qd3 a5 16. b3 Be6 17. Rad1 Qc8 18. Nde3 g6 19. g3 f5 20. f4 Be7 21. Bf3 Kh8 22.
Nd5 Bd8 23. Kh1 Rb7 24. Bg2 Rbf7 25. Nde3 Be7 26. exf5 gxf5 27. Bd5 e4 28. Qd2
Nd8 29. Nd4 Bxd5 30. cxd5 Qb7 31. Rc1 h5 32. Qe2 h4 33. gxh4 Qd7 34. h5 Nb7 35.
Ne6 Rc8 36. Rxc8+ Qxc8 37. Rg1 Bf8 38. Qg2 Bh6 39. Qg6 Rh7 40. Qf6+ 1-0

[Event "Women's World Rapid Championship 2012"]
[Site "Batumi GEO"]
[Date "2012.05.31"]
[Round "1.25"]
[White "Bezgodova, Svetlana"]
[Black "Matnadze, Ana"]
[Result "1-0"]
[WhiteTitle "WIM"]
[BlackTitle "IM"]
[WhiteElo "2120"]
[BlackElo "2446"]
[WhiteFideId "4110650"]
[BlackFideId "13601377"]
[EventDate "2012.05.31"]

1. e4 e5 2. Nf3 Nc6 3. Nc3 g6 4. Bc4 Bg7 5. a3 Nge7 6. d3 O-O 7. Bg5 h6 8. Be3
d6 9. Qd2 Kh7 10. h4 Nd4 11. h5 Nxf3+ 12. gxf3 g5 13. O-O-O Be6 14. Kb1 c6 15.
Bb3 Bxb3 16. cxb3 f5 17. exf5 Rxf5 18. d4 Qg8 19. Qc2 Kh8 20. Ne4 Qe6 21. dxe5
Bxe5 22. Rhe1 Nd5 23. Nxd6 Bxd6 24. Bd4+ Be5 25. Rxe5 Rxe5 26. Re1 Kg8 27. Rxe5
Qf7 28. Qe4 Nf6 29. Qe2 Re8 30. Qe3 Qxh5 31. Ka2 Qf7 32. f4 g4 33. f5 Rxe5 34.
Qxe5 Kg7 35. Bxa7 h5 36. Bd4 h4 37. Qf4 Kh7 38. Qg5 1-0

[Event "Women's World Rapid Championship 2012"]
[Site "Batumi GEO"]
[Date "2012.05.31"]
[Round "2.2"]
[White "Zhao, Xue"]
[Black "Muzychuk, Mariya"]
[Result "1-0"]
[WhiteTitle "GM"]
[BlackTitle "IM"]
[WhiteElo "2549"]
[BlackElo "2456"]
[WhiteFideId "8601283"]
[BlackFideId "14114550"]
[EventDate "2012.05.31"]

1. d4 Nf6 2. c4 e6 3. Nf3 c5 4. d5 b5 5. Bg5 exd5 6. cxd5 h6 7. Bh4 d6 8. e4 g5
9. Bxb5+ Bd7 10. Bxd7+ Nbxd7 11. Bg3 Nxe4 12. O-O Nxg3 13. hxg3 Bg7 14. Re1+ Kf8
15. Nbd2 Nb6 16. Rb1 Qd7 17. Nf1 g4 18. Nh4 Bd4 19. Ne3 Re8 20. Nc2 Rxe1+ 21.
Qxe1 Bf6 22. Qe4 Bxh4 23. gxh4 f5 24. Qd3 Kg7 25. Re1 Rf8 26. b4 Rf6 27. bxc5
dxc5 28. Re5 Qd6 29. Rxf5 Rxf5 30. Qxf5 Qxd5 31. Qxg4+ Kh7 32. h5 Qd3 33. Ne3 c4
34. Nf5 Qb1+ 35. Kh2 Qb2 36. Qg6+ Kh8 37. f4 a5 38. Nxh6 Qg7 39. Qxb6 c3 40. Nf5
Qg4 41. Qf6+ Kh7 42. Qg6+ 1-0

[Event "Women's World Rapid Championship 2012"]
[Site "Batumi GEO"]
[Date "2012.05.31"]
[Round "2.4"]
[White "Gunina, Valentina"]
[Black "Javakhishvili, Lela"]
[Result "1/2-1/2"]
[WhiteTitle "IM"]
[BlackTitle "IM"]
[WhiteElo "2530"]
[BlackElo "2449"]
[WhiteFideId "4167570"]
[BlackFideId "13601458"]
[EventDate "2012.05.31"]

1. d4 d5 2. c4 c6 3. Nf3 Nf6 4. Nc3 e6 5. Bg5 dxc4 6. a4 b5 7. e3 Qb6 8. Bxf6
gxf6 9. Nd2 Nd7 10. Be2 Bb7 11. O-O a6 12. Bh5 c5 13. axb5 axb5 14. Rxa8+ Bxa8
15. Bf3 Bb7 16. Bxb7 Qxb7 17. Qh5 f5 18. Ra1 Bg7 19. Ra5 cxd4 20. exd4 O-O 21.
Rxb5 Qa7 22. d5 Nf6 23. Qe2 Qa1+ 24. Nf1 exd5 25. Nxd5 Nxd5 26. Rxd5 Rc8 27. Rd2
c3 28. bxc3 Bxc3 29. Ra2 Qe1 30. Qf3 Re8 31. g3 Qe6 32. Rc2 Bd4 33. Rd2 Qe4 34.
Qxe4 Rxe4 35. Kg2 Bb6 36. Rb2 Ba7 37. Kf3 Kg7 38. Rb5 Kg6 39. Nd2 Ra4 40. Rb7
Ra2 41. Rd7 h6 42. Rd6+ f6 43. Rd7 Bb6 44. h4 h5 45. Rd6 Bc5 46. Rd8 Bb6 47. Rd5
Ba7 48. Ke2 Bb6 49. Kf1 Ra1+ 50. Kg2 Ra2 51. Rd3 Ba7 52. Kf1 Bb6 53. Rd7 Ra1+
54. Kg2 Ra2 55. Rd6 Bc5 56. Rd3 Bb6 57. Kg1 Ba7 58. Rd7 Bb6 59. Kg2 Bc5 60. Kf3
Bb6 61. Rd3 Bc5 62. Rd5 Bb6 63. Kg2 Ba7 64. Kf1 Bb6 65. f3 Bc7 66. f4 Ba5 67.
Nc4 Bb4 68. Ne3 Ra1+ 69. Kg2 Ra2+ 70. Kh3 Ra5 71. Rd7 Ra3 72. Nd5 Be1 73. Ne7+
Kf7 74. Nxf5+ Ke6 75. Re7+ Kxf5 76. Rxe1 Ra2 77. Re8 Ra5 78. Re3 Ra2 79. Re1 Rb2
80. Re8 Rb5 81. Kg2 Rb2+ 82. Kf3 Rb3+ 83. Kg2 Rb2+ 84. Kh3 Rb5 85. Ra8 Rc5 86.
Ra3 Rb5 87. Ra8 Rc5 88. Rh8 Kg6 89. Kg2 Ra5 90. Kf3 Ra3+ 91. Ke4 Ra4+ 92. Kd5
Ra5+ 93. Kc4 Ra4+ 94. Kb3 Re4 95. Kc2 Re3 96. Kd2 Ra3 97. Ke2 Ra2+ 98. Kf3 Ra3+
99. Kg2 Ra2+ 100. Kh3 Ra5 101. Re8 Kf5 102. Rd8 Rb5 103. Rh8 Kg6 104. Kg2 Ra5
105. Re8 Kf5 106. Rg8 Ra3 107. Rh8 Kg4 108. Rg8+ Kf5 109. Kh3 Ra5 110. Rb8 Rc5
111. Rb3 Ra5 112. g4+ Kxf4 113. gxh5 Rxh5 114. Rb1 Rh8 1/2-1/2